| 000 | 00852cam a22002411 4500 | ||
|---|---|---|---|
| 001 | sa 68003651 | ||
| 003 | DLC | ||
| 005 | 20260227112455.0 | ||
| 008 | 710903s1967 ii b 00010 eng | ||
| 010 | _asa 68003651 //r892 | ||
| 043 |
_aa-ii--- _ae-uk--- |
||
| 050 | 0 |
_aDA125.S5 _bA8 |
|
| 082 | _a301.45/29/45530942 | ||
| 100 | 1 | 0 |
_aAurora, G. S. _q(Gurdip Singh), _d1931- |
| 245 | 1 | 4 |
_aThe new frontiersmen; _ba sociological study of Indian immigrants in the United Kingdom, _cby G. S. Aurora. |
| 260 | 0 |
_aBombay, _bPopular Prakashan _c[1967] |
|
| 300 |
_axv, 176 p. _c23 cm. |
||
| 350 | _aRs25 | ||
| 500 | _a"The book is formed of the bulk of a thesis submitted to the London University for an M.Sc. Degree in Economics." | ||
| 504 | _aBibliography: p. 171-173. | ||
| 650 | 0 |
_aSikhs _zGreat Britain. |
|
| 651 | 0 |
_aGreat Britain _xEthnic relations. |
|
| 999 |
_c79648 _d79648 |
||